[Event "Wch U08 Girls rapid"]
[Site "Minsk"]
[Date "2018.06.23"]
[Round "9"]
[White "Skurygina, Sofiya"]
[Black "Grakholskaya, Anna"]
[Result "1/2-1/2"]
[WhiteElo "1217"]
[BlackElo "1230"]
[PlyCount "167"]
[EventDate "2018.06.22"]
[EventType "swiss (rapid)"]
[EventRounds "9"]
[EventCountry "BLR"]
[SourceTitle "EXT 2019"]
[Source "ChessBase"]
[SourceDate "2018.10.10"]
[SourceVersion "1"]
[SourceVersionDate "2018.10.10"]
[SourceQuality "1"]

1. Nf3 c5 2. e3 d5 3. d4 e6 4. b3 Nf6 5. Bd3 Bd6 6. 0-0 0-0 7. Bb2 Nc6 8. Nbd2 h6 9. Ne5 Nd7 10. f4 f6 11. Ng6 Rf7 12. Qg4 Nf8 13. Nxf8 Kxf8 14. Qg6 Ke7 15. c4 Nb4 16. dxc5 Bxc5 17. Bd4 Bxd4 18. exd4 Nxd3 19. Qxd3 f5 20. Rae1 g6 21. cxd5 Qxd5 22. Qc4 Qxc4 23. bxc4 Kf6 24. Nb3 Bd7 25. Nc5 b6 26. Nxd7+ Rxd7 27. Rd1 Rad8 28. c5 bxc5 29. Rc1 cxd4 30. Rfd1 d3 31. Kf2 d2 32. Rc2 e5 33. fxe5+ Kxe5 34. Ke3 f4+ 35. Ke2 g5 36. Rc5+ Kf6 37. Rc6+ Kg7 38. g3 fxg3 39. hxg3 Re8+ 40. Kf1 Re3 41. Kf2 Ra3 42. Rc2 Rad3 43. Kg2 Re7 44. Kf2 Rf7+ 45. Kg2 Rff3 46. Rcxd2 Rxd2+ 47. Rxd2 Ra3 48. Kf2 Kg6 49. Kg2 Ra4 50. Kh3 Kh5 51. Re2 g4+ 52. Kh2 Ra5 53. Rf2 Kg5 54. Re2 h5 55. Rd2 h4 56. gxh4+ Kxh4 57. Rg2 Ra4 58. Kg1 a6 59. Kh2 Rf4 60. Kh1 Rf3 61. Kh2 Rh3+ 62. Kg1 g3 63. a4 a5 64. Kf1 Rh1+ 65. Ke2 Ra1 66. Kf3 Ra3+ 67. Ke2 Ra2+ 68. Kf1 Rxg2 69. Kxg2 Kg4 70. Kg1 Kf4 71. Kg2 Ke4 72. Kxg3 Kd4 73. Kf2 Kc3 74. Ke2 Kb3 75. Kd2 Kxa4 76. Kc2 Ka3 77. Kc3 a4 78. Kc2 Ka2 79. Kc3 a3 80. Kc2 Ka1 81. Kc1 Ka2 82. Kc2 Ka1 83. Kc1 a2 84. Kc2 1/2-1/2